Η ανάπτυξις της διανοήσεως
Αποθηκεύτηκε σε:
| Κύριος συγγραφέας: | |
|---|---|
| Μορφή: | Βιβλίο |
| Γλώσσα: | Greek |
| Δημοσίευση: |
Αθήναι :
Μπουκουμάνης,
1974
|
| Θέματα: | |
| Ετικέτες: |
Προσθήκη ετικέτας
Δεν υπάρχουν, Καταχωρήστε ετικέτα πρώτοι!
|
MARC
| LEADER | 00000cam a2200000 i 4500 | ||
|---|---|---|---|
| 001 | 1/56127 | ||
| 008 | 040526s1974 gre d | ||
| 035 | |l 10073549 | ||
| 040 | |a GR-MY-UA |b gre |e aacr | ||
| 041 | 0 | |a gre | |
| 082 | 0 | |a 153 | |
| 100 | 1 | |a Ράπτης, Νικόλαος Σ. |d 1927- | |
| 245 | 1 | 2 | |a Η ανάπτυξις της διανοήσεως / |c Νικόλαου Σ. Ράπτη |
| 260 | |a Αθήναι : |b Μπουκουμάνης, |c 1974 | ||
| 300 | |a 365 σ. | ||
| 650 | 0 | 0 | |a Intellect. |
| 852 | |a INST |b RHODES |c AKA |e 20040526 |h 153 ΡΑΠ |p 005400018983 |q 005400018983 |t BK |y 0 | ||
| 901 | |a BIBL4-2004-2 | ||
| 909 | |a Ρ |b 109531 | ||
| 970 | |a ΚΟΥΛΑΚΙΟΤΗ |b ΛΙΤΣΑ |z 2004/05/26 | ||